Fe, esperanza y caridad /

Salvato in:
Dettagli Bibliografici
Autore principale: Bojórquez, Alberto (realización)
Altri autori: Julio Alejandro (guión) (guión), Torres, Gabriel (fotógrafo) (fotógrafo), Oliver, Juana (vestuario) (vestuario), Savage, Carlos (montaje) (montaje), Fuentes, Rubén (música) (música), Falcón, Fabiola (actuación) (actuación), Silvestre, Armando (actuación) (actuación), Silva, David (actuación) (actuación), Alcoriza, Luis (realización) (realización), Alcoriza, Luis (guión) (guión), Rodrigues, Milton (actuación) (actuación), Prado, Lilia (actuación) (actuación), Chagall, Ilya (actuación) (actuación), Fons, Jorge (realización) (realización), Fons, Jorge (guión) (guión), Jurado, Katy (actuación) (actuación), Aldama, Julio (actuación) (actuación), Córdova, Pancho (actuación) (actuación)
Natura: Videodisco
Lingua:spagnolo
Pubblicazione: México : Producciones Escorpión : Estudios Churubusco Azteca, 1972
Serie:(Colección IMCINE)
Soggetti:
Tags: Aggiungi Tag
Nessun Tag, puoi essere il primo ad aggiungerne!!

MARC

LEADER 00000ngm^a2200000^a^4500
001 000264979
005 20260512000000.0
009 20260512122935.312
037 |a Acervo ITESO - Biblioteca 
041 |a ESP 
082 |a 860.  |b BOJ 
100 |a Bojórquez, Alberto  |e (realización) 
240 1 1 |a [Fe, esperanza y caridad] 
245 1 0 |a Fe, esperanza y caridad /  |c Realización de A. Bojórquez, L. Alcoriza, J. Fons. 
264 1 |a México :  |b Producciones Escorpión :  |b Estudios Churubusco Azteca,  |c 1972 
264 2 |a México :  |b Instituto Mexicano de Cinematografía [distribución],  |c fecha no identificada 
300 |a 1 DVD sin dato de región (35, 46, 32 min.) :  |b color 
336 |a imagen móvil bidimensional  |b tdi  |2 rdacontenido 
337 |a video  |b v  |2 rdamedio 
338 |a videodisco  |b vd  |2 rdasoporte 
440 1 |a (Colección IMCINE) 
546 |a En español, con subtítulos opcionales: español, francés, inglés, portugués 
586 |a Premio Ariel, de la Academia Mexicana de Cine (16°: 1974): Mejor Película (finalista) [sólo el episodio Caridad fue seleccionado finalista] 
586 |a Premio Ariel, de la Academia Mexicana de Cine (16°: 1974): Mejor Dirección (finalista: Jorge Fons) [sólo el director del episodio Caridad fue seleccionado finalista] 
586 |a Mejores Películas del Cine Mexicano: Selección de Periodistas Cinematográficos de México (PECIME) (1965-1982) [Caridad] 
586 |a Premio Nacional de Ciencias y Artes, categoría Bellas Artes (62°: 2011), ex aequo 
585 |a Exposición DIA 2024-09 / Hilos del vestuario en el cine mexicano 
585 |a Exposición DIA 2026-05 / Queereres del cine mexicano 
649 |a XX 
650 |a Cineastas Españoles 
650 |a Jesucristo -  |x Crucifixión 
650 |a Niños en el Cine 
650 |a Sátira 
650 |a Comedias Cinematográficas 
650 |a Melodramas 
650 |a Dramas Cinematográficos 
650 |a Cortometrajes y Mediometrajes Mexicanos 
650 |a Cine Mexicano -  |y 1970-1979 
650 |a Cine Mexicano -  |y Siglo XX 
650 |a Violación 
650 |a Culpa 
650 |a Sexualidad y Religión 
650 |a Peregrinaciones -  |z Chalma, México (Estado) 
650 |a Peregrinaciones -  |z México 
650 |a Circo -  |z México 
650 |a Prácticas Culturales -  |z México 
650 |a Burocratismo -  |z México 
650 |a Violencia Doméstica -  |z México 
650 |a Pobreza -  |z México 
650 |a Marginación -  |z México 
650 |a Igualdad y Desigualdad -  |z México 
650 |a Problemas Sociales -  |z México 
650 |a Cultura Popular -  |z México 
650 |a Zonas Marginadas -  |z México (Ciudad) 
650 |a Tentación 
650 |a Pecado 
650 |a Sacrificio 
650 |a Venganza 
650 |a Expiación 
650 |a Redención 
650 |a Fe 
650 |a Esperanza 
650 |a Caridad 
650 |a Solidaridad 
650 |a Virtudes Teologales -  |x Tema Principal 
650 |a Catolicismo -  |z México 
650 |a Cristianismo -  |z México 
650 |a Religión -  |z México 
700 |a Julio Alejandro  |e (guión) 
700 |a Torres, Gabriel  |e (fotógrafo) 
700 |a Oliver, Juana  |e (vestuario) 
700 |a Savage, Carlos  |e (montaje) 
700 |a Fuentes, Rubén  |e (música) 
700 |a Falcón, Fabiola  |e (actuación) 
700 |a Silvestre, Armando  |e (actuación) 
700 |a Silva, David  |e (actuación) 
700 |a Alcoriza, Luis  |e (realización) 
700 |a Alcoriza, Luis  |e (guión) 
700 |a Rodrigues, Milton  |e (actuación) 
700 |a Prado, Lilia  |e (actuación) 
700 |a Chagall, Ilya  |e (actuación) 
700 |a Fons, Jorge  |e (realización) 
700 |a Fons, Jorge  |e (guión) 
700 |a Jurado, Katy  |e (actuación) 
700 |a Aldama, Julio  |e (actuación) 
700 |a Córdova, Pancho  |e (actuación) 
740 0 |a Fe /  |c Realización de A. Bojórquez. 
740 0 |a Esperanza /  |c Realización de L. Alcoriza. 
740 0 |a Caridad /  |c Realización de J. Fons. 
910 |a Fondo General 
920 |a Audiovisuales - DVDs 
940 |a Películas 
905 |a 302 
901 |a 0500142621  |b IT2  |c DVS  |u 20260418 
902 |a https://opac.biblio.iteso.mx/vufind/Record/000264979